000 00528nam a2200217Ia 4500
003 OSt
005 20221007110713.0
006 a|||||r|||| 00| 0
007 ta
008 221006b |||||||| |||| 00| 0 eng d
024 _a21,669
037 _cTextual
040 _aLCO
_cLCO
_beng
041 _2eng
_aeng
082 _aX8(A):(Z4475), L4
245 0 _aLabour in West Bengal 1974
260 _c1974
650 _aWEST BENGAL
_9355496
942 _hX8(A):(Z4475), L4
_cTEXL
999 _c1191232
_d1191232